<?xml version="1.0" encoding="UTF-8"?>
<record
    xmlns:xsi="http://www.w3.org/2001/XMLSchema-instance"
    xsi:schemaLocation="http://www.loc.gov/MARC21/slim http://www.loc.gov/standards/marcxml/schema/MARC21slim.xsd"
    xmlns="http://www.loc.gov/MARC21/slim">

  <leader>04247cam a22004097i 4500</leader>
  <controlfield tag="001">21017832</controlfield>
  <controlfield tag="003">EG-ScBUE</controlfield>
  <controlfield tag="005">20211208132625.0</controlfield>
  <controlfield tag="008">190613t2018    nyuac  f      000 0 eng d</controlfield>
  <datafield tag="020" ind1=" " ind2=" ">
    <subfield code="a">9780865653566</subfield>
  </datafield>
  <datafield tag="035" ind1=" " ind2=" ">
    <subfield code="a">(OCoLC)on1024093023</subfield>
  </datafield>
  <datafield tag="040" ind1=" " ind2=" ">
    <subfield code="a">YDX</subfield>
    <subfield code="b">eng</subfield>
    <subfield code="e">rda</subfield>
    <subfield code="c">YDX</subfield>
    <subfield code="d">BDX</subfield>
    <subfield code="d">ERASA</subfield>
    <subfield code="d">ORX</subfield>
    <subfield code="d">YDX</subfield>
    <subfield code="d">OCLCF</subfield>
    <subfield code="d">GYG</subfield>
    <subfield code="d">CNO</subfield>
    <subfield code="d">COD</subfield>
    <subfield code="d">OCLCO</subfield>
    <subfield code="d">UBY</subfield>
    <subfield code="d">IGA</subfield>
    <subfield code="d">CHVBK</subfield>
    <subfield code="d">OCLCO</subfield>
    <subfield code="d">NZGPL</subfield>
    <subfield code="d">OCLCO</subfield>
    <subfield code="d">B@L</subfield>
    <subfield code="d">RA8</subfield>
    <subfield code="d">OCLCO</subfield>
    <subfield code="d">NZAUC</subfield>
    <subfield code="d">OCLCO</subfield>
    <subfield code="d">DLC</subfield>
    <subfield code="d">EG-ScBUE</subfield>
  </datafield>
  <datafield tag="082" ind1="0" ind2="4">
    <subfield code="a">747.0922</subfield>
    <subfield code="b">BOL</subfield>
    <subfield code="2">22</subfield>
  </datafield>
  <datafield tag="100" ind1="1" ind2=" ">
    <subfield code="a">Boles, Jennifer,</subfield>
    <subfield code="e">author.</subfield>
  </datafield>
  <datafield tag="245" ind1="1" ind2="0">
    <subfield code="a">Inspired design :</subfield>
    <subfield code="b">the 100 most important interior designers of the past 100 years /</subfield>
    <subfield code="c">Jennifer Boles.</subfield>
  </datafield>
  <datafield tag="246" ind1="3" ind2=" ">
    <subfield code="a">Inspired design :</subfield>
    <subfield code="b">the one hundred most important interior designers of the past one hundred years</subfield>
  </datafield>
  <datafield tag="264" ind1=" " ind2="1">
    <subfield code="a">New York ;</subfield>
    <subfield code="a">London :</subfield>
    <subfield code="b">Vendome,</subfield>
    <subfield code="c">[2018]</subfield>
  </datafield>
  <datafield tag="264" ind1=" " ind2="1">
    <subfield code="c">c2018</subfield>
  </datafield>
  <datafield tag="300" ind1=" " ind2=" ">
    <subfield code="a">vii, 387 pages :</subfield>
    <subfield code="b">illustrations, portraits (some color) ;</subfield>
    <subfield code="c">32 cm</subfield>
  </datafield>
  <datafield tag="336" ind1=" " ind2=" ">
    <subfield code="a">text</subfield>
    <subfield code="b">txt</subfield>
    <subfield code="2">rdacontent</subfield>
  </datafield>
  <datafield tag="336" ind1=" " ind2=" ">
    <subfield code="a">still image</subfield>
    <subfield code="b">sti</subfield>
    <subfield code="2">rdacontent</subfield>
  </datafield>
  <datafield tag="337" ind1=" " ind2=" ">
    <subfield code="a">unmediated</subfield>
    <subfield code="b">n</subfield>
    <subfield code="2">rdamedia</subfield>
  </datafield>
  <datafield tag="338" ind1=" " ind2=" ">
    <subfield code="a">volume</subfield>
    <subfield code="b">nc</subfield>
    <subfield code="2">rdacarrier</subfield>
  </datafield>
  <datafield tag="386" ind1=" " ind2=" ">
    <subfield code="a">Women</subfield>
    <subfield code="2">lcdgt</subfield>
  </datafield>
  <datafield tag="386" ind1=" " ind2=" ">
    <subfield code="m">Nationality/regional group:</subfield>
    <subfield code="n">nat</subfield>
    <subfield code="a">Americans</subfield>
    <subfield code="2">lcdgt</subfield>
  </datafield>
  <datafield tag="386" ind1=" " ind2=" ">
    <subfield code="m">Occupational/field of activity group:</subfield>
    <subfield code="n">occ</subfield>
    <subfield code="a">Interior designers</subfield>
    <subfield code="2">lcdgt</subfield>
  </datafield>
  <datafield tag="505" ind1="0" ind2="0">
    <subfield code="t">The big six.</subfield>
    <subfield code="t">Elsie de Wolfe ;</subfield>
    <subfield code="t">Jean-Michel Frank ;</subfield>
    <subfield code="t">Billy Baldwin ;</subfield>
    <subfield code="t">Sister Parish ;</subfield>
    <subfield code="t">Albert Hadley ;</subfield>
    <subfield code="t">David Hicks --</subfield>
    <subfield code="t">A century of women.</subfield>
    <subfield code="t">Nancy McClelland ;</subfield>
    <subfield code="t">Eileen Gray ;</subfield>
    <subfield code="t">Syrie Maugham ;</subfield>
    <subfield code="t">Ruby Ross Wood ;</subfield>
    <subfield code="t">Rose Cumming ;</subfield>
    <subfield code="t">Dorothy Draper ;</subfield>
    <subfield code="t">Eleanor McMillen Brown ;</subfield>
    <subfield code="t">Madeleine Castaing ;</subfield>
    <subfield code="t">Andr&#xE9;e Putman ;</subfield>
    <subfield code="t">Barbara D'Arcy ;</subfield>
    <subfield code="t">Bunny Williams ;</subfield>
    <subfield code="t">Barbara Barry --</subfield>
    <subfield code="t">The influencers.</subfield>
    <subfield code="t">Vanessa Bell ;</subfield>
    <subfield code="t">Henry Francis du Pont ;</subfield>
    <subfield code="t">Cedric Gibbons ;</subfield>
    <subfield code="t">Charles de Beistegui ;</subfield>
    <subfield code="t">Cecil Beaton ;</subfield>
    <subfield code="t">Pauline Potter de Rothschild ;</subfield>
    <subfield code="t">Roderick Cameron --</subfield>
    <subfield code="t">The Americans.</subfield>
    <subfield code="t">Frances Elkins ;</subfield>
    <subfield code="t">William Pahlmann ;</subfield>
    <subfield code="t">George Stacey ;</subfield>
    <subfield code="t">Van Day Truex ;</subfield>
    <subfield code="t">T.H. Robsjohn-Gibbings ;</subfield>
    <subfield code="t">Ward Bennett ;</subfield>
    <subfield code="t">Michael Taylor ;</subfield>
    <subfield code="t">Sally Sirkin Lewis ;</subfield>
    <subfield code="t">Bruce Gregga ;</subfield>
    <subfield code="t">Angelo Donghia ;</subfield>
    <subfield code="t">Vicente Wolf ;</subfield>
    <subfield code="t">Stephen Sills ;</subfield>
    <subfield code="t">Tom Scheerer --</subfield>
    <subfield code="t">The English masters.</subfield>
    <subfield code="t">Mrs. Guy Bethell ;</subfield>
    <subfield code="t">Basil Ionides ;</subfield>
    <subfield code="t">Nancy Lancaster ;</subfield>
    <subfield code="t">John Fowler ;</subfield>
    <subfield code="t">Geoffrey Bennison ;</subfield>
    <subfield code="t">John Stefanidis ;</subfield>
    <subfield code="t">Nicholas Haslam ;</subfield>
    <subfield code="t">David Mlinaric ;</subfield>
    <subfield code="t">Nina Campbell ;</subfield>
    <subfield code="t">Robert Kime ;</subfield>
    <subfield code="t">Veere Grenney ;</subfield>
    <subfield code="t">Kit Kemp ;</subfield>
    <subfield code="t">Ben Pentreath --</subfield>
    <subfield code="t">The globalists.</subfield>
    <subfield code="t">St&#xE9;phane Boudin ;</subfield>
    <subfield code="t">Georges Geffroy ;</subfield>
    <subfield code="t">Henri Samuel ;</subfield>
    <subfield code="t">Valerian Stux Rybar ;</subfield>
    <subfield code="t">Fran&#xE7;ois Catroux ;</subfield>
    <subfield code="t">Alberto Pinto ;</subfield>
    <subfield code="t">Christian Liaigre ;</subfield>
    <subfield code="t">Jacques Grange ;</subfield>
    <subfield code="t">Axel Vervoordt ;</subfield>
    <subfield code="t">Thierry W. Despont --</subfield>
    <subfield code="t">The grandees.</subfield>
    <subfield code="t">Renzo Mongiardino ;</subfield>
    <subfield code="t">Denning and Fourcade ;</subfield>
    <subfield code="t">Mac II ;</subfield>
    <subfield code="t">Irvine &amp; Fleming ;</subfield>
    <subfield code="t">Mario Buatta ;</subfield>
    <subfield code="t">David Easton ;</subfield>
    <subfield code="t">Mark Hampton ;</subfield>
    <subfield code="t">Peter Marino --</subfield>
    <subfield code="t">Like no other.</subfield>
    <subfield code="t">Donald Deskey ;</subfield>
    <subfield code="t">William Haines ;</subfield>
    <subfield code="t">Tony Duquette ;</subfield>
    <subfield code="t">John Dickinson ;</subfield>
    <subfield code="t">Arthur Elrod ;</subfield>
    <subfield code="t">Bill Willis ;</subfield>
    <subfield code="t">Carleton Varney ;</subfield>
    <subfield code="t">John Saladino ;</subfield>
    <subfield code="t">Joseph D'Urso ;</subfield>
    <subfield code="t">Rose Tarlow --</subfield>
    <subfield code="t">Gone too soon.</subfield>
    <subfield code="t">Michael Greer ;</subfield>
    <subfield code="t">Jay Spectre ;</subfield>
    <subfield code="t">Kalef Alaton ;</subfield>
    <subfield code="t">Robert Metzger ;</subfield>
    <subfield code="t">Harrison Cultra ;</subfield>
    <subfield code="t">Jed Johnson ;</subfield>
    <subfield code="t">Greg Jordan --</subfield>
    <subfield code="t">Making their mark.</subfield>
    <subfield code="t">David Kleinberg ;</subfield>
    <subfield code="t">Daniel Romualdez ;</subfield>
    <subfield code="t">Brian McCarthy ;</subfield>
    <subfield code="t">Peter Dunham ;</subfield>
    <subfield code="t">India Mahdavi ;</subfield>
    <subfield code="t">Bruce Budd ;</subfield>
    <subfield code="t">Michael Smith ;</subfield>
    <subfield code="t">Pierre Yovanovitch ;</subfield>
    <subfield code="t">Kelly Wearstler ;</subfield>
    <subfield code="t">Markham Roberts ;</subfield>
    <subfield code="t">Steven Gambrel ;</subfield>
    <subfield code="t">Miles Redd ;</subfield>
    <subfield code="t">Alexa Hampton ;</subfield>
    <subfield code="t">Jean-Louis Deniot.</subfield>
  </datafield>
  <datafield tag="520" ind1="8" ind2=" ">
    <subfield code="a">Most decorating books focus on one designer; the rest focus on one period, one trend, one room. This book, for the first time, has the big picture: ALL the names everybody must know from the entire 100-year history of interior design. Each designer is profiled and illustrated with three to four photographs of their best work; what we can learn from them?and how they changed decorating forever?is clearly highlighted to catch the eye. And to put it all together, a final chapter presents the 10 most important rooms of the past 100 years.</subfield>
  </datafield>
  <datafield tag="650" ind1=" " ind2="7">
    <subfield code="a">Interior decorators.</subfield>
    <subfield code="2">BUEsh</subfield>
    <subfield code="9">41532</subfield>
  </datafield>
  <datafield tag="650" ind1=" " ind2="7">
    <subfield code="a">Interior decoration</subfield>
    <subfield code="x">History.</subfield>
    <subfield code="2">BUEsh</subfield>
    <subfield code="9">41532</subfield>
  </datafield>
  <datafield tag="650" ind1=" " ind2="7">
    <subfield code="a">Interior decoration</subfield>
    <subfield code="v">Pictorial works.</subfield>
    <subfield code="2">BUEsh</subfield>
    <subfield code="9">41532</subfield>
  </datafield>
  <datafield tag="653" ind1=" " ind2=" ">
    <subfield code="b">ART</subfield>
    <subfield code="c">December2021</subfield>
  </datafield>
  <datafield tag="655" ind1=" " ind2="7">
    <subfield code="a">Illustrated works.</subfield>
    <subfield code="2">fast</subfield>
    <subfield code="0">(OCoLC)fst01423873.</subfield>
    <subfield code="v">Reading book</subfield>
  </datafield>
  <datafield tag="906" ind1=" " ind2=" ">
    <subfield code="a">7</subfield>
    <subfield code="b">cbc</subfield>
    <subfield code="c">copycat</subfield>
    <subfield code="d">2</subfield>
    <subfield code="e">ncip</subfield>
    <subfield code="f">20</subfield>
    <subfield code="g">y-gencatlg</subfield>
  </datafield>
  <datafield tag="942" ind1=" " ind2=" ">
    <subfield code="2">ddc</subfield>
    <subfield code="c">BB</subfield>
  </datafield>
  <datafield tag="999" ind1=" " ind2=" ">
    <subfield code="c">29713</subfield>
    <subfield code="d">29684</subfield>
  </datafield>
  <datafield tag="952" ind1=" " ind2=" ">
    <subfield code="0">0</subfield>
    <subfield code="1">0</subfield>
    <subfield code="2">ddc</subfield>
    <subfield code="4">0</subfield>
    <subfield code="7">0</subfield>
    <subfield code="8">Baccah</subfield>
    <subfield code="a">MAIN</subfield>
    <subfield code="b">MAIN</subfield>
    <subfield code="c">2ND</subfield>
    <subfield code="d">2021-12-08</subfield>
    <subfield code="e">Purchase</subfield>
    <subfield code="g">1250.00</subfield>
    <subfield code="h">36257</subfield>
    <subfield code="l">1</subfield>
    <subfield code="m">11</subfield>
    <subfield code="o">747.0922 BOL</subfield>
    <subfield code="p">000056039</subfield>
    <subfield code="r">2025-07-15 00:00:00</subfield>
    <subfield code="s">2022-03-12</subfield>
    <subfield code="v">1562.50</subfield>
    <subfield code="w">2021-12-08</subfield>
    <subfield code="y">BB</subfield>
  </datafield>
</record>
